000 01478nam a2200373 i 4500
001 197672
003 ES-MaACL
005 20250825062712.0
007 ta
008 230316s2019 sp 000 0 spa d
017 _a461401-2019
035 _a(OCoLC)1381229585
035 _a9918411252904201
040 _aES-MaCSI
_bspa
_cES-MaACL
080 _a061.27(460)(058.7)
080 _a82:069(460)(058.7)
245 1 0 _aAsociación de Casas Museo y Fundaciones de Escritores (ACAMFE) :
_b25 años / [textos, Ibon Arbaiza...(et al.)]
260 _a[S.l.] :
_bACAMFE,
_c2019.
300 _a111 páginas :
_bilustrado ;
_c24 cm.
336 _2rdacontent
_atexto
337 _2rdamedia
_asin mediación
338 _2rdacarrier
_avolumen
610 2 7 _aAsociación de Casas - Museo y Fundaciones de Escritores.
_2CSICAU
_9241074
650 0 7 _aEscritores españoles-
_xFundaciones.
_2CSICAU
_9241075
650 0 4 _aMuseos-
_zEspaña
_2CSICAU
_915366
655 7 _2tgfbne
_aLibros ilustrados
_9193653
700 1 _aArbaiza, Ibon
_eaut
_9241076
852 _aES-MaACL
_cDEPO1
_jA-15744
_hDonación: Centro de Información Documental de Archivos
_xEncuadernación rústica con solapas
_9206102
914 _aCentro de Información Documental de Archivos
_ednr
942 _n0
_cMONOGRAFIA
999 _c197672
_d197672